000 00801nam a2200217Ia 4500
003 GCL
008 140319s9999 xx 000 0 ara d
040 _aGCL /
_cGCL
082 0 4 _a327.56
_bم ع
100 1 _aمعهد البحوث والدراسات العربية
245 1 0 _aالعلاقات العربية التركية من منظور تركى /
_cمعهد البحوث والدراسات العربية
260 _a[S.N] :
_bمركز الاتحاد للتاريخ والفنون والثقافة ،
_c1993
300 _a367 ص
490 _a
650 0 4 _aالعالم العربى
650 0 4 _aالنزاع العربى الاسرائيلى
650 0 4 _aالسياسة الدولية
650 0 4 _aالعلاقات الخارجية
650 0 4 _aتركيا
942 _2ddc
_cBK
999 _c29990
_d29990